<?xml version="1.0" encoding="UTF-8"?>
<record
    xmlns:xsi="http://www.w3.org/2001/XMLSchema-instance"
    xsi:schemaLocation="http://www.loc.gov/MARC21/slim http://www.loc.gov/standards/marcxml/schema/MARC21slim.xsd"
    xmlns="http://www.loc.gov/MARC21/slim">

  <leader>03088nam a22005057a 4500</leader>
  <controlfield tag="001">BRCA_9174</controlfield>
  <controlfield tag="003">FranzMayer</controlfield>
  <controlfield tag="005">20220809131805.0</controlfield>
  <controlfield tag="008">190312s2018    mx a     b   f000 0 spa d</controlfield>
  <datafield tag="010" ind1=" " ind2=" ">
    <subfield code="a">  2019387864</subfield>
  </datafield>
  <datafield tag="020" ind1=" " ind2=" ">
    <subfield code="a">9786076055564</subfield>
  </datafield>
  <datafield tag="035" ind1=" " ind2=" ">
    <subfield code="a">(OCoLC)on1089789950</subfield>
  </datafield>
  <datafield tag="040" ind1=" " ind2=" ">
    <subfield code="a">H7K</subfield>
    <subfield code="b">spa</subfield>
    <subfield code="c">H7K</subfield>
    <subfield code="e">rda</subfield>
    <subfield code="d">OCLCO</subfield>
    <subfield code="d">JPG</subfield>
    <subfield code="d">OCLCF</subfield>
    <subfield code="d">DLC</subfield>
  </datafield>
  <datafield tag="041" ind1="0" ind2=" ">
    <subfield code="a">spa</subfield>
  </datafield>
  <datafield tag="050" ind1="0" ind2="0">
    <subfield code="a">ND255.5.S8 </subfield>
    <subfield code="b">G73 2018</subfield>
  </datafield>
  <datafield tag="100" ind1="1" ind2=" ">
    <subfield code="a">Garza Usabiaga, Daniel,</subfield>
    <subfield code="e">autor.</subfield>
    <subfield code="9">28366</subfield>
  </datafield>
  <datafield tag="245" ind1="1" ind2="3">
    <subfield code="a">El gran malentendido :</subfield>
    <subfield code="b">Wolfgang Paalen en M&#xE9;xico y el surrealismo disidente de la revista DYN /</subfield>
    <subfield code="c">Daniel Garza Usabiaga.</subfield>
  </datafield>
  <datafield tag="246" ind1="3" ind2="0">
    <subfield code="a">Wolfgang Paalen en M&#xE9;xico y el surrealismo disidente de la revista DYN</subfield>
  </datafield>
  <datafield tag="250" ind1=" " ind2=" ">
    <subfield code="a">Primera edici&#xF3;n.</subfield>
  </datafield>
  <datafield tag="264" ind1=" " ind2="1">
    <subfield code="a">Ciudad de M&#xE9;xico :</subfield>
    <subfield code="b">Instituto Nacional de Bellas Artes, Museo de Arte Carrillo Gil,</subfield>
    <subfield code="c">2018.</subfield>
  </datafield>
  <datafield tag="300" ind1=" " ind2=" ">
    <subfield code="a">205 p&#xE1;ginas :</subfield>
    <subfield code="b">ilustraciones (principalmente a color) ;</subfield>
    <subfield code="c">25 cm.</subfield>
  </datafield>
  <datafield tag="336" ind1=" " ind2=" ">
    <subfield code="2">rdacontent</subfield>
  </datafield>
  <datafield tag="336" ind1=" " ind2=" ">
    <subfield code="a">text</subfield>
    <subfield code="b">txt</subfield>
    <subfield code="2">rdacontent</subfield>
  </datafield>
  <datafield tag="337" ind1=" " ind2=" ">
    <subfield code="2">rdamedia</subfield>
  </datafield>
  <datafield tag="338" ind1=" " ind2=" ">
    <subfield code="2">rdacarrier</subfield>
  </datafield>
  <datafield tag="490" ind1="1" ind2=" ">
    <subfield code="a">Museos y galer&#xED;as</subfield>
  </datafield>
  <datafield tag="500" ind1=" " ind2=" ">
    <subfield code="a">Ubicaci&#xF3;n: L59-N5</subfield>
  </datafield>
  <datafield tag="500" ind1=" " ind2=" ">
    <subfield code="a">Arriba del t&#xED;tulo: Museo de Arte Carrillo Gil.</subfield>
  </datafield>
  <datafield tag="500" ind1=" " ind2=" ">
    <subfield code="a">Incluye material de la Colecci&#xF3;n Museo Franz Mayer en las p&#xE1;ginas 6, 30, 35, 39, 45, 81, 105, 107, 112, 116, 119, 123, 124, 138, 169 y 178</subfield>
  </datafield>
  <datafield tag="500" ind1=" " ind2=" ">
    <subfield code="a">Incluye material del Fondo Personal Wolfgang Paalen, Acervos Documentales, Museo Franz Mayer en las p&#xE1;ginas 36, 40, 82, 113, 117</subfield>
  </datafield>
  <datafield tag="501" ind1=" " ind2=" ">
    <subfield code="a">Incluye material del Fondo Wolfgang Paalen, Museo Franz Mayer en las p&#xE1;ginas 45 y121</subfield>
  </datafield>
  <datafield tag="504" ind1=" " ind2=" ">
    <subfield code="a">Incluye referencias bibliogr&#xE1;ficas</subfield>
  </datafield>
  <datafield tag="505" ind1="0" ind2="0">
    <subfield code="t">Presentaci&#xF3;n / </subfield>
    <subfield code="r">Mar&#xED;a Cristina Garc&#xED;a Cepeda  </subfield>
  </datafield>
  <datafield tag="505" ind1="0" ind2="0">
    <subfield code="t">Pr&#xF3;logo / </subfield>
    <subfield code="r">Dra. Lidia Camacho Camacho</subfield>
  </datafield>
  <datafield tag="505" ind1="0" ind2="0">
    <subfield code="a">Introducci&#xF3;n -- Objetos subversivos -- Memoria del futuro -- Coleccionismo y exposici&#xF3;n -- Anotaciones sobre el legado de Wolfang Paalen y DYN en M&#xE9;xico despu&#xE9;s de 1945.</subfield>
  </datafield>
  <datafield tag="520" ind1="8" ind2=" ">
    <subfield code="a">"En "El gran malentendido", la investigaci&#xF3;n que acompa&#xF1;a a la exposici&#xF3;n del mismo nombre, alojada por el Museo de Arte Carrillo Gil entre junio y octubre de 2018, Daniel Garza Usabiaga repasa la aventura intelectual de Paalen en M&#xE9;xico. El ensayo despeja dudas sobre el artista y lo presenta como alguien que, lejos de aislarse en su estudio, anim&#xF3; debates est&#xE9;ticos y propici&#xF3;, desde su singular perspectiva, el desarrollo de la pintura abstracta lo mismo en el pa&#xED;s que en los Estados Unidos. La visi&#xF3;n reconciliadora de Wolfgang Paalen nos permite renovar nuestra manera de entender el arte ind&#xED;gena del continente, para desde ah&#xED; construir lo que llam&#xF3; "memoria del futuro"".</subfield>
    <subfield code="c">Proporcionado por el editor.</subfield>
  </datafield>
  <datafield tag="600" ind1="1" ind2="0">
    <subfield code="a">Paalen, Wolfgang,</subfield>
    <subfield code="d">1907-1959</subfield>
    <subfield code="x">Cr&#xED;tica e interpretaci&#xF3;n</subfield>
    <subfield code="9">28367</subfield>
  </datafield>
  <datafield tag="600" ind1="1" ind2="0">
    <subfield code="a">Paalen, Wolfgang,</subfield>
    <subfield code="d">1907-1959</subfield>
    <subfield code="x">Influencia</subfield>
    <subfield code="9">28368</subfield>
  </datafield>
  <datafield tag="600" ind1="1" ind2="0">
    <subfield code="a">Paalen, Wolfgang,</subfield>
    <subfield code="d">1907-1959</subfield>
    <subfield code="x">Amigos y asociados</subfield>
    <subfield code="9">28369</subfield>
  </datafield>
  <datafield tag="650" ind1=" " ind2="0">
    <subfield code="a">Surrealismo</subfield>
    <subfield code="z">M&#xE9;xico</subfield>
    <subfield code="9">4990</subfield>
  </datafield>
  <datafield tag="650" ind1=" " ind2="0">
    <subfield code="a">Arte Moderno</subfield>
    <subfield code="y">Siglo XX</subfield>
    <subfield code="9">1863</subfield>
  </datafield>
  <datafield tag="830" ind1=" " ind2="0">
    <subfield code="a">Museos y galer&#xED;as.</subfield>
    <subfield code="9">239</subfield>
  </datafield>
  <datafield tag="942" ind1=" " ind2=" ">
    <subfield code="2">lcc</subfield>
    <subfield code="c">B</subfield>
  </datafield>
  <datafield tag="999" ind1=" " ind2=" ">
    <subfield code="c">10793</subfield>
    <subfield code="d">10793</subfield>
  </datafield>
  <datafield tag="952" ind1=" " ind2=" ">
    <subfield code="0">0</subfield>
    <subfield code="1">0</subfield>
    <subfield code="2">lcc</subfield>
    <subfield code="4">0</subfield>
    <subfield code="7">0</subfield>
    <subfield code="a">BRCA</subfield>
    <subfield code="b">BRCA</subfield>
    <subfield code="d">2022-06-28</subfield>
    <subfield code="l">0</subfield>
    <subfield code="o">ND255.5.S8  G73 2018</subfield>
    <subfield code="p">CONT9946</subfield>
    <subfield code="r">2022-06-28 00:00:00</subfield>
    <subfield code="t">1</subfield>
    <subfield code="w">2022-06-28</subfield>
    <subfield code="y">B</subfield>
  </datafield>
</record>
